Tomáš Bím : grafika : Galerie J. Grusse Pardubice : 21. ledna-6. března 1988 /

Hlavní autor: Bím, Tomáš, 1946-
Další autoři: Rybička, Tomáš, 1953-, Černý, Jaroslav, 1904-1984
Jazyk: Čeština
Vydáno: Pardubice : Východočeská galerie, 1988
Témata:
Fyzický popis: 1 složený list
Knihy
Uloženo v:
LEADER 01015nam a22002772i 4500
001 001534258
003 CZ BrMZK
005 20161124110908.0
007 ta
008 160711s1988 xr er|||||||||||cze d
040 |a BOA001  |b cze  |e rda 
080 9 |a 76(437.1)"19":92Bím, T. 
100 1 |a Bím, Tomáš,  |d 1946-  |7 jn99240000118  |4 art 
245 1 0 |a Tomáš Bím :  |b grafika : Galerie J. Grusse Pardubice : 21. ledna-6. března 1988 /  |c texty Tomáš Rybička a Jaroslav Černý 
264 1 |a Pardubice :  |b Východočeská galerie,  |c 1988 
300 |a 1 složený list 
336 |a text  |b txt  |2 rdacontent 
337 |a bez média  |b n  |2 rdamedia 
338 |a svazek  |b nc  |2 rdacarrier 
655 7 |a katalogy výstav  |7 fd132536  |2 czenas 
700 1 |a Rybička, Tomáš,  |d 1953-  |7 mzk2004229301  |4 aut 
700 1 |a Černý, Jaroslav,  |d 1904-1984  |7 ola2003201041  |4 aut 
910 |a BOA001  |b X-0931.355 
990 |a BK 
991 |b 201605 
996 7 |b 2619165268  |c X-0931.355  |l MZK  |r Sklad / do 24 hodin  |n 1  |w 001569194  |u 000010  |a 1  |e BOA001  |j MZK50  |s A